| 000 | 00676nam a2200181Ia 4500 | ||
|---|---|---|---|
| 999 |
_c2670 _d2670 |
||
| 003 | DO-SdBJH | ||
| 005 | 20180416180244.0 | ||
| 008 | 180414s9999 dr 000 0 spa d | ||
| 040 |
_aDO-SdBJH _bspa _cDO-SdBJH |
||
| 090 | _aDM FM 100-19 1993 | ||
| 110 | _aInstituto de Cooperación para la Seguridad Hemisférica | ||
| 245 | 1 | 0 | _aFM 100-19 Operaciones de apoyo doméstico / Instituto de Cooperación para la Seguridad Hemisférica |
| 260 | _aFuerte Benning, Georgia : Cuartel General Secretaría del Ejército, 1993 | ||
| 300 | _axxxiv, 198 páginas en varias paginaciones | ||
| 504 | _aIncluye apéndice | ||
| 650 | 4 | _aOperaciones -- Apoyo doméstico | |
| 942 |
_2ddc _cBK |
||